000 01023nam a2200229Ia 4500
001 L242-14131
003 IT-CnALBA
008 170116s9999||||xx |||||||||||||| ||und||
040 _aIT-CnALBA
_cIT-CnALBA
041 _aITALIANO
100 _aGHIDELLI CARLO, SAC.
245 0 _aUNA VITA, UNO STILE. RIFLESSIONI BIBLICHE SULLA MATURITÀ CRISTIANA.
250 _a1a ed.
260 _aCINISELLO BALSAMO (MI)
_bEDIZIONI PAOLINE
_c1982 [1° Ed.:1982 - Ed.Ling.Originale: 1982]
300 _a55 p. (prefazione: 5)
500 _aVITA E PREGHIERA. LOTTA. SINTESI. VERITÀ. CARITÀ. GIOIA. LIBERTÀ. MATURITÀ. TESTIMONI DELL'INVISIBILE. SPERANZA FUTURA. CUORE NUOVO.
501 _aSocietà San Paolo EM - Piazza San Paolo, 14 - 12051 ALBA (CN) (non commercial uses only) ® Copyright 2017
520 _aVITA E PREGHIERA. LOTTA. SINTESI. VERITÀ. CARITÀ. GIOIA. LIBERTÀ. MATURITÀ. TESTIMONI DELL'INVISIBILE. SPERANZA FUTURA. CUORE NUOVO.
650 _aMEDITAZIONI E PREGHIERA
942 _cBK
957 _71
999 _a18883
_bNO
_g Copie: 1
_c273306
_d273306